| 000 -LEADER |
| fixed length control field |
00707nam a22001937a 4500 |
| 005 - DATE AND TIME OF LATEST TRANSACTION |
| control field |
20240130101726.0 |
| 008 - FIXED-LENGTH DATA ELEMENTS--GENERAL INFORMATION |
| fixed length control field |
240130s2017en xxu||||| |||| 00| 0 eng d |
| 020 ## - INTERNATIONAL STANDARD BOOK NUMBER |
| International Standard Book Number |
9781932828160 X |
| 041 ## - LANGUAGE CODE |
| Language code of text/sound track or separate title |
eng |
| 080 ## - UNIVERSAL DECIMAL CLASSIFICATION NUMBER |
| Universal Decimal Classification number |
657.6 C-65 |
| 100 ## - MAIN ENTRY--PERSONAL NAME |
| Personal name |
Cochran, Craig (Author) |
| 9 (RLIN) |
21150 |
| 245 ## - TITLE STATEMENT |
| Title |
Internal Auditing in Plain English: |
| Remainder of title |
A Simple Guide to Super Effective ISO Audits / |
| Statement of responsibility, etc. |
Craig Cochran. |
| 264 ## - PRODUCTION, PUBLICATION, DISTRIBUTION, MANUFACTURE, AND COPYRIGHT NOTICE |
| Place of production, publication, distribution, manufacture |
Chico-California : |
| Name of producer, publisher, distributor, manufacturer |
Paton Professional, |
| Date of production, publication, distribution, manufacture, or copyright notice |
2017. |
| 300 ## - PHYSICAL DESCRIPTION |
| Extent |
168 p.: |
| Other physical details |
22cm. |
| 653 ## - INDEX TERM--UNCONTROLLED |
| keyword |
Internal Auditing in Plain English: A Simple Guide to Super Effective ISO Audits |
| 653 ## - INDEX TERM--UNCONTROLLED |
| keyword |
შიდა აუდიტი |
| 653 ## - INDEX TERM--UNCONTROLLED |
| keyword |
ბუღალტერია |
| 942 ## - ADDED ENTRY ELEMENTS (KOHA) |
| Source of classification or shelving scheme |
|
| Koha item type |
წიგნი |